|
|
|
|
| LEADER |
00000cam a2200000 7i4500 |
| 001 |
0000006110 |
| 005 |
20071003.0 |
| 008 |
070814 |
| 020 |
|
|
|a 9831980719
|
| 090 |
0 |
0 |
|a 510
|b LEN
|
| 100 |
0 |
|
|a Lena Abdullah
|
| 245 |
1 |
2 |
|a A step-by-step Maths problem solving guide 3 :
|b Algebraic expression iii, algebraic formulae, lines and angles ii, circles ii (book 1)
|c Lena Abdullah and Magdalene Lai
|
| 260 |
|
|
|a Kuala Lumpur :
|b Jade Green Publications ,
|c 2006
|
| 650 |
|
0 |
|a Mathematics
|x problems,exercises
|
| 650 |
|
0 |
|a Mathematics
|x study and teaching (secondary)
|
| 700 |
1 |
|
|a Lai, Magdalene
|
| 710 |
0 |
|
|a Title
|
| 999 |
|
|
|a 0000982331
|b Book
|c Teenagers
|e Perbadanan Perpustakaan Awam Johor
|
| 999 |
|
|
|a 0000982333
|b Book
|c Teenagers
|e Perbadanan Perpustakaan Awam Johor
|
| 999 |
|
|
|a 0001044401
|b Book
|c Adult Collection
|e Cawangan Tmn. Ungku Tun Aminah
|
| 999 |
|
|
|a 0001044403
|b Book
|c Adult Collection
|e Cawangan Segamat
|
| 999 |
|
|
|a 0001146733
|b Book
|c Teenagers
|e Cawangan Bandar Penawar
|
| 999 |
|
|
|a 0001146734
|b Book
|c Adult Collection
|e Cawangan Bukit Gambir
|
| 999 |
|
|
|a 0001146735
|b Book
|c Adult Collection
|e Cawangan Tangkak
|